| 000 | 00793 a2200205 4500 | ||
|---|---|---|---|
| 999 |
_c10303 _d10303 |
||
| 020 | _a9781783604531 | ||
| 050 | _aHJ2996MOO 2018 | ||
| 100 |
_aMoore, Mick _eauthor |
||
| 245 |
_aTaxing Africa : _bcoercion, reform and development / _cMick Moore; Wilson Prichard and Odd-Helge Fjeldstad |
||
| 264 |
_aLondon, UK : _bZed Books Ltd, _c ♭2018 |
||
| 300 | _ax, 276 pages : illustrations ; 23 cm. | ||
| 440 | _aAfrican arguments. | ||
| 500 | _a"In association with International African Institute, Royal African Society, World Peace Foundation." Includes index | ||
| 650 |
_aTaxation _xAfrica. |
||
| 650 |
_aPolitical planning _xAfrica. |
||
| 650 |
_aTax evasion _xAfrica. |
||
| 700 |
_aPrichard, Wilson _eauthor |
||
| 700 |
_aFjeldstad, Odd-Helge. _eauthor |
||
| 942 |
_2lcc _cBK _h2996 _iMOO _kHJ |
||